000 00495nam a22001695i 4500
001 53512
003 ES-MaACL
007 t|
008 951002s1879 fr ||||1| fre d
040 _aCAM
_bspa
_cCAM
100 1 _aEys, W. J. van.
_948452
245 1 0 _aGrammaire comparée des dialectes basques /
_cpar W. J. van Eys.
260 _aParis [etc] :
_bMaisonneuve [etc],
_c1879.
300 _aXI, 536 p. ;
_c24 cm.
650 1 4 _aLengua vasca-
_xGramática.
_914337
852 _aES-MaACL
_jG-15003
999 _c53512
_d53512